000 03736cam a2200325 4500500
005 20251228072445.0
041 _afre
042 _adc
100 1 0 _aNeri, Claudio
_eauthor
245 0 0 _aCommuting : le passage d’un problème de la sphère individuelle au champ du groupe
260 _c2015.
500 _a8
520 _aLe travail analytique de groupe est caractérisé par la centralité du passage de fantasmes, de pensées et de problèmes de la sphère individuelle au champ du groupe. L’importance de ce passage peut être assimilée à celle que revêtent, dans l’analyse duelle, le transfert et le passage de l’inconscient au préconscient et au conscient. J’ai choisi le terme commuting pour indiquer l’ensemble des opérations liées à ce passage. Dans l’anglais courant, un c ommuter est une personne qui vit en banlieue et qui se rend chaque jour en ville pour travailler. Les commuters font la navette dans les deux sens. Dans le petit groupe à visée psychanalytique, pour qu’un commuting puisse avoir lieu, il faut du temps, des efforts et un certain degré de créativité. Dans certains cas, il faut également que la personne « qui souhaite partager un problème » modifie préalablement sa position et son statut à l’intérieur du groupe.
520 _aAnalytic group work is characterised by the centrality of the passage of fantasies, thoughts and problems from the individual sphere into the field of the group. The importance of this passage may be likened to the transference and passage from the unconscious to the preconscious and to the conscious in dual analysis. I have chosen the term commuting to indicate the ensemble of the operations linked to this passage. In everyday English, a commuter is a person who lives in the suburbs and who travels into town each day to work. Commuters shuttle back and forth in both directions. For commuting to occur in a small psychoanalytic group, time, effort and a certain degree of creativity is necessary. In some cases, the person “who wants to share a problem” must also first modify his position and his status within the group.
520 _aEl trabajo analítico de grupo se caracteriza por el pasaje de los fantasmas, de pensamientos y de problemáticas individuales al campo grupal. La importancia de este pasaje puede ser asimilada a la que revisten, en el análisis dual, la transferencia y el pasaje del inconsciente al preconsciente o al consciente. He elegido el término commuting para indicar el conjunto de operaciones liadas a este pasaje. En inglés actual, un c ommuter es una persona que vive en los suburbios y que acude cada día a la ciudad para trabajar. Los commuters se desplazan en los dos sentidos. En un pequeño grupo con objetivo psicoanalítico, para que un commuting pueda tener lugar, hace falta tiempo, esfuerzos y cierto grado de creatividad. En algunos casos hace falta también que la persona “que desea compartir un problema” modifique previamente su posición y su estatuto al interior del grupo.
690 _achamp psychanalytique
690 _amajorité normative
690 _aminorité active
690 _apensées sans penseur
690 _aprojet de vie
690 _astructure du sentiment social
690 _aactive minority
690 _alife project
690 _anormative majority
690 _apsychoanalytic field
690 _astructure of social feeling
690 _athoughts without a thinker
786 0 _nRevue de psychothérapie psychanalytique de groupe | 65 | 2 | 2015-11-05 | p. 7-26 | 0297-1194
856 4 1 _uhttps://shs.cairn.info/revue-de-psychotherapie-psychanalytique-de-groupe-2015-2-page-7?lang=fr&redirect-ssocas=7080
999 _c1593978
_d1593978